|
|
|
|
| LEADER |
00000nab a2200000 a 4500 |
| 001 |
vtls000370757 |
| 003 |
SK-MaSNL |
| 005 |
20260303165051.0 |
| 008 |
230313c1989 xo 0 slo |
| 015 |
|
|
|a SNBRB19rr/mm-uuuuu
|
| 035 |
|
|
|a CL0370879
|
| 035 |
|
|
|a urn:nbn:sk:snk-abbk39
|
| 035 |
|
|
|a (urnnbn)urn:nbn:sk:snk:ar-0002xi
|
| 035 |
|
|
|a (uuid)67b2fc18-9d2f-49ef-af2a-133cf3176353
|
| 040 |
|
|
|a SNKBUCL
|b slo
|c SNKBUCL
|e AACR2
|
| 041 |
0 |
|
|a slo
|
| 044 |
|
|
|a xo
|c SK
|
| 080 |
|
|
|a 82.09:840-3(048)
|2 1981
|
| 080 |
|
|
|a 840-3(048)
|2 1981
|
| 100 |
1 |
|
|a Součková, Marta,
|d 1963-
|4 aut
|9 13337
|
| 245 |
1 |
0 |
|a Raymond Radiguet: Diabol v tele
|c Marta Komžíková-Součková
|
| 500 |
|
|
|a V rubrike Ex libris
|
| 650 |
0 |
7 |
|a francúzske romány
|2 snkbucl
|9 352053
|
| 655 |
|
7 |
|a recenzie
|2 snkbucl
|9 21907
|
| 655 |
|
7 |
|a články z novín a časopisov
|2 snkbucl
|9 267496
|
| 655 |
|
7 |
|a články z odboru literárna veda a krásna literatúra
|2 snkbucl
|9 770045
|
| 700 |
1 |
|
|a Radiguet, Raymond,
|d 1903-1923
|4 aut
|9 222481
|
| 773 |
0 |
|
|t Romboid
|g Roč. 24, č. 12 (1989), s. 117-118
|
| 787 |
0 |
8 |
|i Rec.:
|a Radiguet, Raymond
|t Diabol v tele
|d Bratislava : Slovenský spisovateľ, 1988
|
| 850 |
|
|
|a Slovenská národná knižnica v Martine
|a MTA001
|
| 852 |
|
|
|a SNK
|b KIS3GCP
|
| 954 |
|
|
|a odborná, vedecká literatúra pôvodná (slovenská)
|2 lita
|
| 958 |
|
|
|a RK
|
| 958 |
|
|
|a LX
|
| 958 |
|
|
|a OND
|
| 958 |
|
|
|a EUIPO
|
| 958 |
|
|
|a article15
|
| 992 |
|
|
|a RBX
|
| 999 |
|
|
|c 2069621
|d 2071551
|